| 000 | 00595cam a2200229 a 4500 | ||
|---|---|---|---|
| 001 | 4298735 | ||
| 005 | 20180302070715.0 | ||
| 008 | 870421s1987 nyu 000 0 eng | ||
| 010 | _a 86046043 | ||
| 020 |
_a0060550767 : _c$14.95 |
||
| 020 |
_a0064637220 (pbk.) : _c$6.95 |
||
| 040 |
_aDLC _cDLC _dDLC |
||
| 041 | _aeng | ||
| 042 | _alcac | ||
| 080 | _a378.1057 BAU | ||
| 082 | 0 | 0 |
_a378.1057 BAU _219 |
| 100 | 1 | _a25 | |
| 101 | _aEDU | ||
| 245 | 1 | 0 |
_aOn writing the college application essay / _cby Harry Bauld. |
| 906 |
_a7 _bcbc _corignew _d1 _eocip _f19 _gy-gencatlg |
||
| 942 |
_2ddc _cBK |
||
| 999 |
_c44028 _d44028 |
||